| 000 | 00829nam a22001697a 4500 | ||
|---|---|---|---|
| 008 | 110908t2007 xxu||||g |||| 000 0 ara d | ||
| 082 |
_222 _a398.2 _bي و س |
||
| 100 |
_927077 _aيوسف،محمد فتحى متولى |
||
| 245 |
_aاستلهامالتراث الشعبى فى المسرح السودانىفى الفترة 1967-1985 / _cمحمد فتحى متولى يوسف |
||
| 260 |
_aالقاهرة: _bالهيئة المصرية العامة للكتاب،2007. _c2007. |
||
| 300 |
_a444ص، _c24سم. |
||
| 650 |
_927078 _aالأدب الشعبى _zالسودان |
||
| 650 |
_917542 _aالأدب الشعبى _yتاريخ و نقد |
||
| 653 |
_bGeneral _cSeptember2011 |
||
| 942 |
_2ddc _cBB |
||
| 999 |
_c15978 _d15978 |
||